| 000 | 00362nam a2200145Ia 4500 | ||
|---|---|---|---|
| 008 | 260407s2026 xx 000 0 und d | ||
| 041 | _aeng | ||
| 082 |
_a039.9146/SAG _b12255 |
||
| 100 | _aK SAGAR | ||
| 245 | _aLATETES GENERAL KNOWLEDGE V CHAULU GHADAMODI | ||
| 260 |
_aPUNE _bK.SAGAR PUB HOUSE |
||
| 300 | _a416p | ||
| 650 | _aGENERAL | ||
| 650 | _aGENERAL | ||
| 999 |
_c1219747 _d1219747 |
||